[Event "Igualada op"]
[Site "Igualada"]
[Date "2018.11.??"]
[Round "6.1"]
[White "Martinez, Bernat"]
[Black "Llacuna Fabregat, Josep Maria"]
[Result "1-0"]
[WhiteElo "2162"]
[BlackElo "1970"]
[PlyCount "45"]
[EventDate "2018.11.09"]
[EventType "swiss (rapid)"]
[EventRounds "8"]
[EventCountry "ESP"]
[SourceTitle "EXT 2024"]
[Source "ChessBase"]
[SourceDate "2023.10.10"]
[SourceVersion "1"]
[SourceVersionDate "2023.10.10"]
[SourceQuality "1"]

1. e4 d5 2. e5 Nd7 3. d4 c5 4. c3 cxd4 5. cxd4 g6 6. Nc3 e6 7. Nf3 Bg7 8. Nb5 Bf8 9. Be2 a6 10. Nd6+ Bxd6 11. exd6 Ngf6 12. Bf4 Qa5+ 13. Kf1 Nh5 14. Bg5 f6 15. Bh6 Qb6 16. g4 Qxd6 17. gxh5 g5 18. Bg7 Rg8 19. h6 b5 20. Rc1 Nf8 21. Bxf6 Qf4 22. Be5 Ng6 23. Bxf4 1-0

[Event "Igualada op 11th"]
[Site "Igualada"]
[Date "2016.01.23"]
[Round "2"]
[White "Llacuna Fabregat, Josep Maria"]
[Black "Martinez Sanchez, Francesc"]
[Result "1-0"]
[WhiteElo "1731"]
[BlackElo "1604"]
[PlyCount "47"]
[EventDate "2016.01.16"]
[EventType "swiss"]
[EventRounds "8"]
[EventCountry "ESP"]
[SourceTitle "EXT 2017"]
[Source "ChessBase"]
[SourceDate "2016.10.25"]
[SourceVersion "1"]
[SourceVersionDate "2016.10.25"]
[SourceQuality "1"]

1. e4 c5 2. Nf3 d6 3. Nc3 Nc6 4. Bc4 Nf6 5. a3 e6 6. d3 Be7 7. 0-0 a6 8. h3 b5 9. Ba2 h6 10. Bf4 e5 11. Bh2 Ra7 12. Nd2 Bd7 13. f4 exf4 14. Bxf4 Ne5 15. Be3 Qc8 16. Nf3 Be6 17. Nxe5 dxe5 18. Qf3 Bxa2 19. Nxa2 Rd7 20. Qg3 0-0 21. Bxh6 Nh5 22. Qxe5 Bf6 23. Qxh5 gxh6 24. Rxf6 1-0

[Event "Igualada and Anoia op 9th"]
[Site "Igualada"]
[Date "2014.02.01"]
[Round "3"]
[White "Martin Palau, Roger"]
[Black "Llacuna Fabregat, Josep Maria"]
[Result "1/2-1/2"]
[WhiteElo "1499"]
[BlackElo "1731"]
[PlyCount "38"]
[EventDate "2014.01.11"]
[EventType "swiss"]
[EventRounds "8"]
[EventCountry "ESP"]
[SourceTitle "EXT 2024"]
[Source "ChessBase"]
[SourceDate "2023.10.10"]
[SourceVersion "1"]
[SourceVersionDate "2023.10.10"]
[SourceQuality "1"]

1. d4 d5 2. Nf3 Nf6 3. c4 c6 4. g3 h6 5. cxd5 cxd5 6. Qc2 Nc6 7. a3 Bg4 8. Qd3 Qb6 9. Nc3 Bxf3 10. exf3 Qxd4 11. Nb5 Qxd3 12. Bxd3 0-0-0 13. b4 g6 14. Nc3 Ne5 15. Be2 d4 16. Na4 d3 17. Bf4 d2+ 18. Bxd2 Nc6 19. Rc1 Kb8 1/2-1/2

[Event "Vilafranca del Penedes op 5th"]
[Site "Vilafranca del Penedes"]
[Date "2011.04.08"]
[Round "1.5"]
[White "Llacuna Fabregat, Josep Maria"]
[Black "Codina Feixes, Josep"]
[Result "0-1"]
[WhiteElo "1727"]
[BlackElo "2157"]
[PlyCount "46"]
[EventDate "2011.04.08"]
[EventType "swiss"]
[EventRounds "8"]
[EventCountry "ESP"]
[SourceTitle "EXT 2024"]
[Source "ChessBase"]
[SourceDate "2023.10.10"]
[SourceVersion "1"]
[SourceVersionDate "2023.10.10"]
[SourceQuality "1"]

1. d4 g6 2. Bf4 Bg7 3. Nf3 c5 4. Nc3 cxd4 5. Ne4 d5 6. Ned2 Nc6 7. Nb3 e5 8. Bg3 Nge7 9. h3 0-0 10. Rb1 a5 11. Qc1 a4 12. Nbd2 Nf5 13. Bh2 e4 14. Nxd4 Ncxd4 15. e3 Re8 16. c4 Bh6 17. Qc3 Nxe3 18. fxe3 Bxe3 19. Kd1 Nf5 20. cxd5 Qxd5 21. Kc2 Bd4 22. Qc7 Ne3+ 23. Kc1 Be6 0-1

[Event "Vilafranca del Penedes op 4th"]
[Site "Vilafranca del Penedes"]
[Date "2010.05.14"]
[Round "5.8"]
[White "Rius Marse, Josep"]
[Black "Llacuna Fabregat, Josep Maria"]
[Result "1-0"]
[WhiteElo "2058"]
[BlackElo "1722"]
[PlyCount "57"]
[EventDate "2010.04.16"]
[EventType "swiss"]
[EventRounds "8"]
[EventCountry "ESP"]
[SourceTitle "EXT 2024"]
[Source "ChessBase"]
[SourceDate "2023.10.10"]
[SourceVersion "1"]
[SourceVersionDate "2023.10.10"]
[SourceQuality "1"]

1. e4 e6 2. d4 c5 3. c3 Nc6 4. Nf3 h6 5. Bd3 Nf6 6. 0-0 d5 7. e5 Ne4 8. Re1 Ng5 9. Nxg5 hxg5 10. Qg4 c4 11. Bc2 Be7 12. Nd2 Rh4 13. Qg3 g4 14. f3 Rh8 15. Qxg4 g6 16. g3 b5 17. f4 Bb7 18. Nf3 Qd7 19. Ng5 Bf8 20. Nxf7 Rg8 21. Bxg6 Rxg6 22. Nd6+ Kd8 23. Qxg6 Ne7 24. Qf7 Kc7 25. f5 Bc6 26. fxe6 Qd8 27. Bg5 Kb6 28. Nf5 Qe8 29. Nxe7 1-0